000 01111nam a2200217Ia 4500
003 Ost
005 20260507075012.0
008 260507s9999||||xx |||||||||||||| ||und||
040 _cfsecg
041 _aara
082 _a310
100 _aأبو صالح، محمد صبحي
_eمؤلف
245 0 _aالموجز في الطرق الإحصائية /
_c محمد صبحي أبو صالح
260 _aعمان:
_bدار اليازوري العلمية للنشر والتوزيع,
_c2002
300 _a291 صفحة؛
_c24 سم
520 _aجمع البيانات وعرضها-مقاييس النزعة المركزية-مقاييس التشتت-العزوم والتفرطح والإلتواء-الإحتمالات-التوزيع الطبيعي-الإرتباط والإنحدار-السلاسل الزمنية-الأرقام القياسية-التقدير واختيار الفرضيات-الإحصاءات الحيوية
653 _aالإحتمالات
653 _aالإحصاء - المعاملات الإرتباطية
653 _aالاحصاءات الحيوية
942 _cكتاب
999 _c42171
_d42171